000 00460nam a2200181Ia 4500
001 16456
005 20260306170311.0
008 260306t2022||||xx |||||||||||||| ||und||
041 _aESP
082 _a348.6
_bF62
100 _aFlores Buendía, Renán Pavel
_eAUT
245 0 _aManual de contratación laboral en el sector público
260 _c2022
300 _a591 páginas :
_c25 cm.
650 _aGEN
654 _aCDE
942 _cLIB
_dJUS
_fJUS
_2ddc
_n
999 _c16456
_d16456